Comparison of the potential to work with customer in the context of selected socio-demographic indicators

Analýza potenciálu práce so zákazníkmi v kontexte socio-demografických charakteristík: národnosť, pohlavie a miesto pobytu. Porovnanie úrovne potenciálu pre prácu s mužmi a so ženami, občanov Slovenska a Ukrajiny a respondentov, žijúcich v meste a na žijúcich na vidieku. Výsledky výskumu pomôžu efe...

Ausführliche Beschreibung

Gespeichert in:
Bibliographische Detailangaben
1. Verfasser: Lorincová, Tatiana
Weitere Verfasser: Tomková, Anna
Format: Buchkapitel
Sprache:Englisch
Schlagworte:
Tags: Tag hinzufügen
Keine Tags, Fügen Sie das erste Tag hinzu!

MARC

LEADER 00000naa a2200000 4500
001 0234911
005 20220718122826.0
041 0 |a eng 
044 |a SK 
245 1 0 |a Comparison of the potential to work with customer in the context of selected socio-demographic indicators  |c Tatiana Lorincová, Anna Tomková 
520 |a Analýza potenciálu práce so zákazníkmi v kontexte socio-demografických charakteristík: národnosť, pohlavie a miesto pobytu. Porovnanie úrovne potenciálu pre prácu s mužmi a so ženami, občanov Slovenska a Ukrajiny a respondentov, žijúcich v meste a na žijúcich na vidieku. Výsledky výskumu pomôžu efektívnejšie pracovať so zákazníkmi a lepšie pochopiť ich požiadavky. 
610 2 0 |a marketing manažment 
610 2 0 |a riadenie vzťahov so zákazníkmi 
610 2 0 |a zákazníci 
610 2 0 |a psychológia práce 
610 2 0 |a psychológia ekonomická 
610 2 0 |a správanie spotrebiteľa 
610 2 0 |a spokojnosť zákazníkov 
100 1 |a Lorincová, Tatiana 
700 1 |a Tomková, Anna